000 00367 a2200169 4500
001 70082
020 _a8535609504
040 _cAnchieta - Itaigara
100 _aNoronha, Diana
240 1 0 _aO trator narigudo
_lpor
245 1 0 _aO trator narigudo
300 _a23
362 0 _a2003
440 1 _aPaulinas
650 4 _aLiteratura infanto-juvenil
942 _cBK
999 _c70082
_d70082